000 00321nam a22001217a 4500
008 230606b xxu||||| |||| 00| 0 eng d
020 _a0070692312x
082 _a658.001
_bCHA
245 _aPrinciples and Practice of Management
260 _aIndia
_bVikas Publishing House PVT Ltd
_c1983
300 _a301 p
942 _2ddc
_cBK
999 _c709
_d709